| 000 | 01107nam a2200289 i 4500 | ||
|---|---|---|---|
| 001 | 75746 | ||
| 003 | ES-MaACL | ||
| 005 | 20250818131140.0 | ||
| 007 | t| | ||
| 008 | 040927s1970 sp cfo ||||1| spa d | ||
| 080 | _a340.96"19" | ||
| 245 | 0 | 4 |
_aLos grandes procesos de la historia / _c[presentados por Bernard Michal]. |
| 250 | _aEd. reservada a los Amigos de la Historia. | ||
| 260 |
_a[Madrid] : _bCírculo de Amigos de la Historia, _c[1970] |
||
| 300 |
_a2 v. : _b24 lám. ; _c21 cm. |
||
| 490 | 1 |
_aLos grandes procesos de la historia ; _v1-2 |
|
| 504 | _aBibliografía: v. 1, p. [311-312]; v. 2, (p. [331]-332) | ||
| 505 | 0 | _a1. Los procesos de Moscú (310 p.) - 2. El proceso de Eichmann. El proceso de Tokio (332 p.) | |
| 600 | 1 | 4 |
_aEichmann, Adolf. _946812 |
| 650 | 4 |
_aProceso de Moscú, 1936-1937. _9170969 |
|
| 650 | 4 |
_aProceso de Tokio, 1946-1948. _9170970 |
|
| 700 | 1 |
_aMichal, Bernard. _980865 |
|
| 700 | 2 |
_a _9241866 |
|
| 830 | 1 | 4 |
_aLos grandes procesos de la historia _v1-2 _9183507 |
| 852 |
_aES-MaACL _jC-39819-20 _z- Enc. cart. |
||
| 999 |
_c75746 _d75746 |
||